000 00312nam a22001217a 4500
008 180424b xxu||||| |||| 00| 0 eng d
041 _aeng
080 _a043.3
100 _a0
101 _aSHKI-MA
245 _aImplementimi i Backup-it te Data Qendres dhe Replikimi i te Dhenave
_cHisenaj, Z
942 _2udc
_cBK
999 _c45455
_d45455